00287 a2200109 4500001000700000020000600007040001100013100002500024240006200049245005700111362000900168168897 a  cMagnum aBaremblitt, Gregorio10aCompendio de analise institucional e outra correnteslpor10aCompendio de analise institucional e outra correntes0 a1899